000 00410nam a22001697a 4500
003 MACL
005 20160113114541.0
008 160113b xxu||||| |||| 00| 0 eng d
040 _cMACL
041 _aEnglish
082 _a340
100 _aM A Rashid
_931603
245 _aThe Ultimate Guide To the LLB Entrance Examination 2014
260 _bLexis Nexis
_c2008
650 _aLaw
_931604
942 _2ddc
_cBK
999 _c52125
_d52125